| 000 | 00567cam a22002291 4500 | ||
|---|---|---|---|
| 001 | ne 62000822 | ||
| 003 | DLC | ||
| 005 | 20260227111735.0 | ||
| 008 | 890620s1961 xx 000 0 ara | ||
| 010 | _ane 62000822 | ||
| 035 | _a(OCoLC)23486735 | ||
| 040 |
_aDLC _cMiU _dDLC |
||
| 042 | _apremarc | ||
| 043 | _af-ua--- | ||
| 050 | 0 | 0 |
_aDT107.83 _b.F3 |
| 100 | 1 | _aFarrāj, Aḥmad. | |
| 245 | 1 | 0 | _aʻUmalāʼ al-rajʻīyah. |
| 260 | _c[1961] | ||
| 300 |
_a127 p. _c17 cm. |
||
| 500 | _aRomanized. | ||
| 651 | 0 |
_aUnited Arab Republic _xPolitics and government. |
|
| 999 |
_c45124 _d45124 |
||